00690nam a2200241 a 4500001001300000003000900013005001700022008004100039020001000080082001500090245004500105260003800150300000900188500003500197505001000232650001900242650002100261710002100282902000800303942000700311952011500318999001500433nice12345678IN_TiNIC20260116012110.0050524s1936 hyda grp 000 0 urd  ac10000a954.8bNIZ aDaftar Diwani-O-Maal-O-Mulki Sarkar Aali aHyderabadbNizam Governmentc1936 a279p aincludes index and biblioraphy2 aIndex aNizams-History aHyderabad-Deccan2 aNizam Government bSRS cBK 001040708StackRoom-aHMIbHMId2007-04-10g100.00l0o954.8 NIZp08028r2007-04-10v100.00w2005-05-24yBK c5634d5634